[Event "22nd ch-EUR Indiv 2022"]
[Site "Terme Catez SLO"]
[Date "2022.04.03"]
[Round "8.143"]
[White "Zlatkov, Anton"]
[Black "Tribushnaya, Olga"]
[Result "1-0"]
[WhiteElo "2081"]
[BlackElo "1716"]
[WhiteFideId "15005402"]
[BlackFideId "14123045"]
[EventDate "2022.03.27"]

1. Nf3 d5 2. g3 c6 3. Bg2 Bg4 4. O-O Nf6 5. d3 e6 6. Nbd2 Be7 7. e4 dxe4 8. dxe4
Nbd7 9. h3 Bh5 10. Qe2 e5 11. Nc4 Qc7 12. a4 O-O 13. b3 b5 14. Ncd2 a6 15. Bb2
Rfd8 16. Rfe1 Ne8 17. Nf1 f6 18. g4 Bf7 19. Ng3 g6 20. h4 Ng7 21. g5 Ne6 22. Bh3
Nf4 23. Qf1 Nc5 24. Bg4 Nce6 25. Bc3 Kg7 26. axb5 axb5 27. Rxa8 Rxa8 28. Ra1 Rb8
29. Ra2 b4 30. Bb2 c5 31. Bxe6 Nxe6 32. Qa1 Nd4 33. Bxd4 exd4 34. Ra7 Rb7 35.
Rxb7 Qxb7 36. Qa5 Qd7 37. gxf6+ Kxf6 38. Qb6+ Qe6 39. Qc7 Kg7 40. Ng5 Qd6 41.
Qxd6 Bxd6 42. Nxf7 Kxf7 43. Ne2 Be7 44. h5 gxh5 45. f4 Kg6 46. Kg2 Bf6 47. Nc1
h4 48. Nd3 Be7 49. Kf3 Kh5 50. Nf2 Kg6 51. Kg4 h5+ 52. Kh3 Kf7 53. Nd3 Ke6 54.
f5+ Kf7 55. e5 Ke8 56. f6 Bxf6 57. exf6 Kf7 58. Nxc5 Kxf6 59. Nd3 Kf5 60. Nxb4
Ke4 61. Nd3 Ke3 62. b4 Kd2 63. b5 1-0

[Event "22nd ch-EUR Indiv 2022"]
[Site "Terme Catez SLO"]
[Date "2022.04.03"]
[Round "8.144"]
[White "Patt, Zafrir"]
[Black "Ruzic, Pia Marie"]
[Result "0-1"]
[WhiteElo "1771"]
[BlackElo "2072"]
[WhiteFideId "2840170"]
[BlackFideId "14620057"]
[EventDate "2022.03.27"]

1. e4 e6 2. d4 d5 3. Nc3 dxe4 4. Nxe4 Nd7 5. Nf3 Ngf6 6. Nxf6+ Nxf6 7. Bd3 c5 8.
O-O cxd4 9. Nxd4 Be7 10. Re1 O-O 11. Nf3 b6 12. Qe2 Qc7 13. a3 Bb7 14. Bg5 Rad8
15. Rad1 Qc8 16. Ne5 Qa8 17. Bxf6 Bxf6 18. Qh5 g6 19. Qh3 Rd5 20. f4 Rfd8 21.
Nxf7 Bd4+ 22. Kh1 Rh5 23. Qg4 Kxf7 24. Qxe6+ Kg7 25. Be4 Bxe4 26. Rxe4 Bf6 27.
Rxd8 Qxd8 28. c3 Qd5 29. h3 Qxe6 30. Rxe6 Rb5 31. Re2 Kf7 32. g4 h5 33. Kg2 Rd5
34. g5 Bd8 35. h4 Bc7 36. Rf2 Ke6 37. Re2+ Kf5 38. Re7 Bxf4 39. Rxa7 Kg4 0-1

[Event "22nd ch-EUR Indiv 2022"]
[Site "Terme Catez SLO"]
[Date "2022.04.03"]
[Round "8.145"]
[White "Yakimenko, Alexander A."]
[Black "Spacapan, Simon"]
[Result "0-1"]
[WhiteElo "2064"]
[BlackElo "1966"]
[WhiteFideId "24141917"]
[BlackFideId "14612461"]
[EventDate "2022.03.27"]

1. e4 c5 2. Nf3 d6 3. Bb5+ Bd7 4. a4 Nc6 5. O-O Nf6 6. Re1 e6 7. c3 Be7 8. d4
cxd4 9. cxd4 O-O 10. Nc3 Rc8 11. d5 Nb4 12. Qb3 a5 13. Be3 Bxb5 14. axb5 exd5
15. exd5 Ng4 16. Bd4 Bf6 17. Rad1 Re8 18. Bxf6 Nxf6 19. Rxe8+ Qxe8 20. Nd2 Qd8
21. Nc4 Qc7 22. Ne3 h6 23. h3 Qc5 24. Ra1 Ra8 25. Qd1 Kf8 26. Rc1 Ne8 27. Qe2
Nf6 28. Qd1 Ne8 29. Qf1 Qd4 30. Rd1 Qf4 31. Nc4 Qf5 32. Qe2 Qf6 33. Nb6 Rd8 34.
Re1 Nc7 35. Qc4 Ne8 36. Qe4 Nc7 37. Qc4 Ne8 38. Re2 Qf5 39. Qe4 Qxe4 40. Rxe4
Nf6 41. Re1 Nd3 42. Rd1 Nc5 43. Ra1 Nd3 44. Rxa5 Nxb2 45. Ra7 Rb8 46. Kf1 Nd3
47. Ke2 Nc5 48. Ke3 Ke7 49. Kd4 Kd8 50. Nc4 Nb3+ 51. Kd3 Nc5+ 52. Kc2 Ke7 53.
Nb6 Nfd7 54. Nca4 Nxb6 55. Nxb6 Kf6 56. Nc4 Rd8 57. Kc3 Rd7 58. Kd4 Nb3+ 59. Kc3
Nc5 60. Kb4 Ke7 61. Ka5 f5 62. Kb6 g5 63. Ra8 Ne4 64. Rb8 Nc3 65. Rxb7 Rxb7+ 66.
Kxb7 Nxb5 67. Kc6 Nd4+ 68. Kc7 Nb5+ 69. Kb6 Nd4 70. g3 Kd7 71. Ne3 h5 72. f4
gxf4 73. gxf4 Ne2 74. Nxf5 Nxf4 75. Ng7 Nxd5+ 76. Kb5 Nf4 77. Kc4 Ke7 78. h4 Kf6
79. Ne8+ Ke5 80. Kc3 d5 81. Kd2 d4 82. Ng7 Kf6 83. Ne8+ Kf5 84. Nd6+ Kg4 85. Nb5
Ne6 86. Ke2 Kxh4 87. Kf3 Kg5 88. Nd6 Nc5 89. Kg3 h4+ 90. Kf3 d3 91. Nf7+ Kf6 92.
Nd6 Ke5 93. Nc4+ Kd4 94. Nd2 Nd7 95. Kg4 Ke3 96. Nc4+ Ke2 97. Kxh4 Ne5 98. Nb2
d2 99. Na4 Kd3 100. Nc5+ Kc2 0-1

[Event "22nd ch-EUR Indiv 2022"]
[Site "Terme Catez SLO"]
[Date "2022.04.03"]
[Round "8.146"]
[White "Javornik, Nik"]
[Black "Maksimovic, Masa"]
[Result "1/2-1/2"]
[BlackTitle "WFM"]
[WhiteElo "2002"]
[BlackElo "2063"]
[WhiteFideId "14636549"]
[BlackFideId "14408902"]
[EventDate "2022.03.27"]

1. e4 c5 2. Nf3 Nc6 3. d4 cxd4 4. Nxd4 Nf6 5. Nc3 d6 6. Bc4 e6 7. a3 Be7 8. O-O
O-O 9. Ba2 Bd7 10. Kh1 Qc7 11. f4 a6 12. f5 Nxd4 13. Qxd4 exf5 14. exf5 Qc5 15.
Qf4 Bc6 16. Be3 Qe5 17. Bd4 Qxf4 18. Rxf4 Nh5 19. Rf2 Bh4 20. Rd2 Bg5 21. Rd3
Rfe8 22. Kg1 Re7 23. g3 Rae8 24. Rad1 Nf6 25. Bxf6 Bxf6 26. Bd5 Be5 27. b4 Rc7
28. Bxc6 Rxc6 29. Ne4 Rd8 30. R1d2 Kf8 31. Kg2 Rdc8 32. Nxd6 Bxd6 33. Rxd6 Rxd6
34. Rxd6 Rxc2+ 35. Kh3 Ke7 36. Rb6 Rc7 37. Kg4 Rd7 38. Kf4 Kd8 39. a4 Kc7 40. a5
Rd1 41. f6 Rf1+ 42. Kg5 h6+ 43. Kg4 g6 44. h4 Rf5 45. Kh3 Rb5 46. Rxb5 axb5 47.
Kg4 Kd6 48. Kf4 Kd5 49. g4 Kd4 50. h5 gxh5 51. gxh5 Kd5 52. Kf5 Kd6 53. Ke4 Ke6
54. Kd4 Kxf6 55. Kc5 Kg5 56. Kb6 f5 57. Kxb7 f4 58. a6 f3 59. a7 f2 60. a8=Q
f1=Q 61. Qe8 Qd3 62. Kb6 Kh4 63. Qxb5 Qd6+ 64. Ka7 Qd4+ 65. Qc5 Qd7+ 66. Kb6
Qd8+ 67. Kb5 Qd7+ 68. Kc4 Qe6+ 69. Kc3 Qe1+ 70. Kb3 Qd1+ 71. Qc2 Qf3+ 72. Qc3
Qd1+ 73. Kb2 Qe2+ 74. Qc2 Qe5+ 75. Ka3 Qa1+ 76. Kb3 Kxh5 1/2-1/2

[Event "22nd ch-EUR Indiv 2022"]
[Site "Terme Catez SLO"]
[Date "2022.04.03"]
[Round "8.147"]
[White "Kocharin, Timur"]
[Black "Tancsa, Tamas"]
[Result "1/2-1/2"]
[WhiteElo "1760"]
[BlackElo "2096"]
[WhiteFideId "16240936"]
[BlackFideId "783749"]
[EventDate "2022.03.27"]

1. e4 e5 2. Nc3 Nf6 3. g3 g6 4. Bg2 Bg7 5. Nge2 Nc6 6. O-O O-O 7. d3 d6 8. f4 h6
9. h3 Kh7 10. g4 exf4 11. Bxf4 Ne7 12. Qd2 g5 13. Be3 Ng6 14. Ng3 Nh4 15. Nf5
Bxf5 16. exf5 d5 17. Bf2 Nxg2 18. Kxg2 d4 19. Ne2 c5 20. c4 dxc3 21. bxc3 b6 22.
Rad1 Re8 23. Rfe1 Qd5+ 24. Kg1 Nd7 25. d4 cxd4 26. Bxd4 Ne5 27. Bxe5 Qxe5 28.
Qd3 Rad8 29. Nd4 Qxe1+ 30. Rxe1 Rxe1+ 31. Kf2 Bxd4+ 32. cxd4 Re5 33. Qa3 Red5
34. Qxa7 R8d7 35. Qxb6 Rxd4 36. Qb3 Rd3 37. Qb5 R7d6 38. Qe8 Kg7 39. Qe5+ Rf6
40. a4 Rxh3 41. a5 h5 42. gxh5 g4 43. Kg2 Rxh5 44. a6 Rxf5 45. Qa1 Rf2+ 46. Kg1
g3 47. a7 g2 48. Qa4 Rf1+ 49. Kxg2 R1f2+ 50. Kg3 R6f3+ 51. Kg4 f5+ 52. Kg5 Rg2+
53. Kh4 Rh2+ 54. Kg5 Rg2+ 55. Kh4 Rh2+ 56. Kg5 Rg2+ 1/2-1/2

[Event "22nd ch-EUR Indiv 2022"]
[Site "Terme Catez SLO"]
[Date "2022.04.03"]
[Round "8.148"]
[White "Henseler, Jorgen"]
[Black "Palczert, Miklos"]
[Result "1-0"]
[WhiteElo "2059"]
[BlackElo "1770"]
[WhiteFideId "1023233"]
[BlackFideId "727938"]
[EventDate "2022.03.27"]

1. e4 e5 2. Nf3 Nc6 3. Bb5 a6 4. Ba4 Nf6 5. O-O Be7 6. Re1 b5 7. Bb3 O-O 8. c3
d5 9. exd5 Nxd5 10. Nxe5 Nxe5 11. Rxe5 Nf6 12. h3 c5 13. d4 c4 14. Bc2 Bb7 15.
Bg5 Bd6 16. Rf5 Bc8 17. Bxf6 gxf6 18. Qg4+ Kh8 19. Qh4 Re8 20. Nd2 Bxf5 21. Bxf5
Kg7 22. Qxh7+ Kf8 23. Qh6+ Ke7 24. Re1+ Be5 25. dxe5 Qb6 26. exf6+ Kd8 27. Rxe8+ 1-0

[Event "22nd ch-EUR Indiv 2022"]
[Site "Terme Catez SLO"]
[Date "2022.04.03"]
[Round "8.149"]
[White "Ghita, Vlad-Bogdan"]
[Black "Linnemann, Caspar"]
[Result "1-0"]
[WhiteElo "1981"]
[BlackElo "1773"]
[WhiteFideId "1222198"]
[BlackFideId "16200284"]
[EventDate "2022.03.27"]

1. d4 Nf6 2. c4 c5 3. d5 b5 4. cxb5 a6 5. bxa6 Bxa6 6. Nc3 d6 7. e4 Bxf1 8. Kxf1
Nbd7 9. Nf3 g6 10. g3 Bg7 11. Kg2 O-O 12. a4 Qb6 13. h3 Rfb8 14. Re1 Ne8 15. Ra3
Nc7 16. Re2 f6 17. h4 Qa6 18. g4 Ne5 19. Nxe5 fxe5 20. h5 Bf6 21. g5 Bg7 22. h6
Bf8 23. Re3 e6 24. Rf3 Qc8 25. dxe6 Qxe6 26. Nd5 Nxd5 27. Qxd5 Qxd5 28. exd5 Be7
29. b3 Rb4 30. Rd3 Rf8 31. Kg3 Rf5 32. a5 Rf8 33. Bd2 Rb5 34. f4 exf4+ 35. Bxf4
Ra8 36. Re3 Bf8 37. Re6 Ra6 38. Bd2 Kf7 39. Kf2 Ra7 40. Ke2 Rab7 41. Re3 Be7 42.
Rf3+ Ke8 43. Kd1 Ra7 44. Ra4 Bd8 45. Raf4 Rbb7 46. Rf8+ Kd7 47. R3f7+ Kc8 48.
Rxb7 Rxb7 49. Kc2 Rd7 50. Kd3 Kb7 51. Kc4 Ka6 52. Rg8 Ka7 53. Kb5 Kb7 54. a6+
Ka7 55. Ba5 1-0

[Event "22nd ch-EUR Indiv 2022"]
[Site "Terme Catez SLO"]
[Date "2022.04.03"]
[Round "8.150"]
[White "Lauda, Alexandr"]
[Black "Shevchenko, Matviei"]
[Result "1/2-1/2"]
[WhiteElo "1789"]
[BlackElo "1326"]
[WhiteFideId "13903179"]
[BlackFideId "14188678"]
[EventDate "2022.03.27"]

1. e4 c6 2. d4 d5 3. exd5 cxd5 4. c4 Nc6 5. Nc3 Nf6 6. Nf3 Bg4 7. cxd5 Nxd5 8.
Qb3 Bxf3 9. gxf3 Nxc3 10. bxc3 Qc7 11. Bf4 e5 12. Bg3 O-O-O 13. Bb5 f6 14. Qe6+
Kb8 15. Bxc6 Rd6 16. Qe8+ Rd8 17. Qh5 Qxc6 18. O-O Bd6 19. dxe5 g6 1/2-1/2

[Event "22nd ch-EUR Indiv 2022"]
[Site "Terme Catez SLO"]
[Date "2022.04.03"]
[Round "8.151"]
[White "Garsky, Vladyslav"]
[Black "Kodric, Gasper"]
[Result "1-0"]
[WhiteElo "1768"]
[BlackElo "1787"]
[WhiteFideId "34100270"]
[BlackFideId "14625814"]
[EventDate "2022.03.27"]

1. e4 c6 2. c4 d5 3. exd5 cxd5 4. cxd5 Nf6 5. Qa4+ Nbd7 6. Nc3 g6 7. Bc4 Bg7 8.
d3 O-O 9. Nf3 a6 10. Qa3 b6 11. O-O Bb7 12. Re1 Re8 13. Ng5 b5 14. Bb3 Nb6 15.
d6 e6 16. Nge4 Nfd5 17. Qa5 Nxc3 18. bxc3 Bxe4 19. Rxe4 Qxd6 20. Re1 b4 21. Be3
Nd5 22. Bc5 Qc7 23. Bxb4 Qxa5 24. Bxa5 Bxc3 25. Bxd5 Bxa5 26. Bxa8 Bxe1 27. Bb7
Bc3 28. Rc1 Rb8 29. Bxa6 Rb2 30. Bc4 Bd4 31. Rf1 Kf8 32. g4 Ke7 33. Kg2 f5 34.
h3 e5 35. a4 e4 36. dxe4 fxe4 37. Kg3 g5 38. Bd5 Be5+ 39. Kg2 e3 40. Kf3 Rxf2+
41. Rxf2 exf2 42. Kxf2 Kd6 43. Be4 Bd4+ 44. Kf3 h5 45. gxh5 Ke5 46. a5 Kf6 47.
h6 Kf7 48. Bh7 Ke6 49. Ke4 Bc5 50. a6 Kd6 51. Bg8 1-0

[Event "22nd ch-EUR Indiv 2022"]
[Site "Terme Catez SLO"]
[Date "2022.04.03"]
[Round "8.152"]
[White "Van Hoolandt, Patrick"]
[Black "Zlatanovic, Marcus"]
[Result "1-0"]
[WhiteTitle "FM"]
[WhiteElo "2065"]
[BlackElo "1680"]
[WhiteFideId "200999"]
[BlackFideId "14626195"]
[EventDate "2022.03.27"]

1. d4 Nf6 2. c4 g6 3. Nc3 d5 4. Bf4 Bg7 5. e3 O-O 6. Rc1 Be6 7. cxd5 Bxd5 8.
Bxc7 Qxc7 9. Nxd5 Qa5+ 10. Nc3 Rc8 11. Nf3 Nbd7 12. Qb3 e5 13. Bc4 Rf8 14. O-O
exd4 15. exd4 Nb6 16. Bd3 Rad8 17. Rfd1 Nbd5 18. Nxd5 Nxd5 19. Rc5 Qb4 20. Bc4
Qxb3 21. Bxb3 Nf4 22. Kf1 Rd7 23. Rc2 Rfd8 24. Ng5 Nd5 25. a3 h6 26. Nf3 Nb6 27.
Rcd2 Nd5 28. g3 Kf8 29. h4 Kg8 30. Rd3 Nb6 31. R1d2 Nd5 32. Ne5 Re7 33. f4 Rc7
34. Kf2 Kf8 35. Kf3 h5 36. Rc2 Rxc2 37. Bxc2 Ne7 38. Rd2 Rd6 39. Be4 f6 40.
Nxg6+ Kf7 41. Nxe7 Kxe7 42. Bxb7 f5 43. Bc8 1-0

[Event "22nd ch-EUR Indiv 2022"]
[Site "Terme Catez SLO"]
[Date "2022.04.03"]
[Round "8.153"]
[White "Pasti, Zsombor"]
[Black "Miftari, Hedon"]
[Result "0-1"]
[WhiteElo "1773"]
[BlackElo "1987"]
[WhiteFideId "799173"]
[BlackFideId "15007065"]
[EventDate "2022.03.27"]

1. e4 c5 2. Nf3 Nc6 3. d4 cxd4 4. Nxd4 Nf6 5. Nc3 e5 6. Ndb5 d6 7. Nd5 Nxd5 8.
exd5 Ne7 9. c4 Ng6 10. Be2 Be7 11. c5 O-O 12. cxd6 Bxd6 13. Nxd6 Qxd6 14. Qb3
Rd8 15. Bg5 f6 16. Bd2 a5 17. Be3 Nf4 18. Bxf4 exf4 19. O-O Bf5 20. Bf3 Rd7 21.
Rac1 g5 22. h3 Kg7 23. Rfe1 Kg6 24. Qd1 Qb4 25. Bg4 Bxg4 26. Qxg4 Rad8 27. Qe2
Rxd5 28. a3 Qd4 29. h4 Qd3 30. Qg4 Qf5 31. Qf3 g4 32. Qb3 b5 33. a4 b4 34. Rc7
R8d7 35. Qc4 Rxc7 36. Qxc7 Re5 37. Rd1 g3 38. fxg3 fxg3 39. Rf1 Qe4 40. h5+ Kxh5
41. Qd6 Qh4 42. Qd1+ Kg6 43. Qd3+ Re4 44. Rxf6+ Kxf6 45. Qd8+ Ke5 46. Qxa5+ Kf4
47. Qc7+ Kf5 48. Qd7+ Re6 49. Qd5+ Kf6 50. Qd8+ Kg7 51. Qd7+ Re7 52. Qd4+ Qxd4+ 0-1

[Event "22nd ch-EUR Indiv 2022"]
[Site "Terme Catez SLO"]
[Date "2022.04.03"]
[Round "8.154"]
[White "Kuznetsova, Elyzaveta"]
[Black "Franco, Alessandro P."]
[Result "0-1"]
[WhiteElo "1366"]
[BlackElo "1848"]
[WhiteFideId "14189950"]
[BlackFideId "865923"]
[EventDate "2022.03.27"]

1. e4 e5 2. Nf3 Nc6 3. Bc4 Nf6 4. Nc3 Bc5 5. d3 d6 6. h3 a6 7. Be3 Ba7 8. Bxa7
Rxa7 9. O-O O-O 10. Re1 Ra8 11. d4 exd4 12. Nxd4 Bd7 13. f3 Ne5 14. Bb3 Nh5 15.
Qd2 c5 16. Nde2 c4 17. f4 Nf3+ 18. gxf3 cxb3 19. axb3 Bxh3 20. f5 Qh4 21. Nd5
Rac8 22. Ndf4 Rc6 23. Kh2 Bxf5+ 0-1

[Event "22nd ch-EUR Indiv 2022"]
[Site "Terme Catez SLO"]
[Date "2022.04.04"]
[Round "9.1"]
[White "Bluebaum, Matthias"]
[Black "Nisipeanu, Liviu-Dieter"]
[Result "1/2-1/2"]
[WhiteTitle "GM"]
[BlackTitle "GM"]
[WhiteElo "2642"]
[BlackElo "2652"]
[WhiteFideId "24651516"]
[BlackFideId "1202758"]
[EventDate "2022.03.27"]

1. d4 Nf6 2. c4 e5 3. dxe5 Ng4 4. e3 Nxe5 5. Nc3 d6 6. f4 Nec6 7. Nf3 g6 8. b3
Bg7 9. Bb2 a5 10. a3 Na6 11. Bd3 Nc5 1/2-1/2

[Event "22nd ch-EUR Indiv 2022"]
[Site "Terme Catez SLO"]
[Date "2022.04.04"]
[Round "9.2"]
[White "Saric, Ivan"]
[Black "Sargissian, Gabriel"]
[Result "1/2-1/2"]
[WhiteTitle "GM"]
[BlackTitle "GM"]
[WhiteElo "2687"]
[BlackElo "2681"]
[WhiteFideId "14508150"]
[BlackFideId "13300881"]
[EventDate "2022.03.27"]

1. e4 e5 2. Nf3 Nc6 3. Bb5 a6 4. Ba4 Nf6 5. O-O Be7 6. d3 b5 7. Bb3 d6 8. c3 O-O
9. h3 Bb7 10. Re1 Nb8 11. Nbd2 Nbd7 12. Nf1 Nc5 13. Bc2 Re8 14. Ng3 Bf8 15. Bd2
g6 16. Qc1 Bg7 17. Bh6 a5 18. Bxg7 Kxg7 19. Qd2 Qe7 20. d4 Ncd7 21. a4 bxa4 22.
Bxa4 c6 23. c4 Kg8 24. d5 Rec8 25. dxc6 Bxc6 26. Bxc6 Rxc6 27. Rxa5 Rxa5 28.
Qxa5 Rxc4 29. Rd1 d5 30. exd5 Qb4 31. Qxb4 Rxb4 32. Rd2 Kf8 33. d6 Ne8 34. Nxe5
Nxe5 35. d7 Nxd7 36. Rxd7 1/2-1/2

[Event "22nd ch-EUR Indiv 2022"]
[Site "Terme Catez SLO"]
[Date "2022.04.04"]
[Round "9.3"]
[White "Guseinov, Gadir"]
[Black "Ter-Sahakyan, Samvel"]
[Result "1/2-1/2"]
[WhiteTitle "GM"]
[BlackTitle "GM"]
[WhiteElo "2661"]
[BlackElo "2632"]
[WhiteFideId "13401378"]
[BlackFideId "13302531"]
[EventDate "2022.03.27"]

1. e4 c5 2. Nc3 d6 3. Bb5+ Bd7 4. Bxd7+ Qxd7 5. d4 cxd4 6. Qxd4 Nc6 7. Qd3 g6 8.
Nf3 Bg7 9. O-O Nf6 10. Nd5 O-O 11. Bg5 Ng4 12. h3 e6 13. hxg4 exd5 14. exd5 Ne5
15. Nxe5 Bxe5 16. Rae1 Qxg4 17. f4 Bxb2 18. Be7 Rfc8 19. Bxd6 Rc3 20. Qe2 Qc8
21. Rf2 Rc4 22. Be5 1/2-1/2

[Event "22nd ch-EUR Indiv 2022"]
[Site "Terme Catez SLO"]
[Date "2022.04.04"]
[Round "9.5"]
[White "Kobo, Ori"]
[Black "Santos Latasa, Jaime"]
[Result "1/2-1/2"]
[WhiteTitle "GM"]
[BlackTitle "GM"]
[WhiteElo "2510"]
[BlackElo "2648"]
[WhiteFideId "2812320"]
[BlackFideId "2293307"]
[EventDate "2022.03.27"]

1. d4 d5 2. c4 e6 3. Nc3 Nf6 4. cxd5 exd5 5. Bg5 Bb4 6. Qc2 h6 7. Bxf6 Qxf6 8.
a3 Bxc3+ 9. Qxc3 O-O 10. e3 Bf5 11. Nf3 c6 12. Be2 Nd7 13. b4 1/2-1/2

[Event "22nd ch-EUR Indiv 2022"]
[Site "Terme Catez SLO"]
[Date "2022.04.04"]
[Round "9.6"]
[White "Iskandarov, Misratdin"]
[Black "Moussard, Jules"]
[Result "1/2-1/2"]
[WhiteTitle "GM"]
[BlackTitle "GM"]
[WhiteElo "2577"]
[BlackElo "2630"]
[WhiteFideId "13400312"]
[BlackFideId "642908"]
[EventDate "2022.03.27"]

1. e4 e5 2. Nf3 Nf6 3. Nxe5 d6 4. Nf3 Nxe4 5. Qe2 Qe7 6. d3 Nf6 7. Bg5 Qxe2+ 8.
Bxe2 Be7 9. Nc3 h6 10. Bf4 Nc6 11. O-O-O g5 12. Be3 Be6 13. d4 Nb4 14. h4 g4 15.
Ne1 c6 16. Nd3 Nxd3+ 17. Bxd3 Nd5 18. Nxd5 Bxd5 19. Rde1 Bxg2 20. Rhg1 Bf3 21.
Bf5 Kf8 22. Bxg4 Bxg4 23. Rxg4 d5 24. h5 Re8 25. Kd2 Bd6 26. Kd3 Re6 27. c4 Rf6
28. c5 Bc7 29. b4 a6 30. a4 Rf5 31. b5 axb5 32. axb5 cxb5 33. Rgg1 Rxh5 34. Bd2
Rh3+ 35. Kc2 Ra3 36. Bb4 Ra4 37. Kb3 h5 38. Re3 h4 39. Rge1 Kg7 40. Rh3 Ra6 41.
Re7 Rc6 42. Rd7 Rh5 43. Bd2 Kf6 44. Rf3+ Rf5 45. Rxf5+ Kxf5 46. Rxd5+ Ke4 47.
Rh5 Bd8 48. Be3 f5 49. d5 Kxd5 50. Rxf5+ Ke4 51. Rf4+ Ke5 52. Rf7 Ke4 53. Rf4+
Ke5 54. Rf7 Bf6 55. Rxb7 Rc8 56. Rd7 Ke6 57. Rd1 Kf5 58. Kb4 h3 59. Rh1 Rh8 60.
f3 Be5 61. Kxb5 h2 62. c6 Rh3 63. Kb6 Rxf3 64. c7 Bxc7+ 65. Kxc7 Rxe3 1/2-1/2

[Event "22nd ch-EUR Indiv 2022"]
[Site "Terme Catez SLO"]
[Date "2022.04.04"]
[Round "9.7"]
[White "Gadimbayli, Abdulla"]
[Black "Navara, David"]
[Result "1-0"]
[WhiteTitle "IM"]
[BlackTitle "GM"]
[WhiteElo "2451"]
[BlackElo "2700"]
[WhiteFideId "13404938"]
[BlackFideId "309095"]
[EventDate "2022.03.27"]

1. e4 c5 2. Nf3 d6 3. d4 cxd4 4. Nxd4 Nf6 5. Nc3 a6 6. Bg5 Nbd7 7. Qe2 h6 8. Bh4
g6 9. f4 e5 10. fxe5 dxe5 11. O-O-O Qc7 12. Nb3 b5 13. Nd5 Nxd5 14. exd5 Bd6 15.
Qd2 f5 16. g4 f4 17. g5 hxg5 18. Bxg5 Nb6 19. Bd3 Bf5 20. Qe2 Kf7 21. Nd4 Bxd3
22. Rxd3 Nxd5 23. Nf5 gxf5 24. Rxd5 Rae8 25. Qd3 e4 26. Qb3 Kg7 27. Rg1 Qb6 28.
Bh6+ Kh7 29. Rc5 Be5 30. Qh3 Re6 31. Bxf4+ Rh6 32. Qxf5+ 1-0

[Event "22nd ch-EUR Indiv 2022"]
[Site "Terme Catez SLO"]
[Date "2022.04.04"]
[Round "9.8"]
[White "Anton Guijarro, David"]
[Black "Bernadskiy, Vitaliy"]
[Result "1/2-1/2"]
[WhiteTitle "GM"]
[BlackTitle "GM"]
[WhiteElo "2694"]
[BlackElo "2606"]
[WhiteFideId "2285525"]
[BlackFideId "14100371"]
[EventDate "2022.03.27"]

1. e4 c5 2. Nf3 a6 3. c3 d5 4. exd5 Qxd5 5. d4 Nf6 6. Be2 e6 7. O-O Nc6 8. Be3
cxd4 9. Nxd4 Nxd4 10. Bxd4 Bc5 11. Bf3 Qd6 12. Na3 Bxd4 13. Qxd4 Qxd4 14. cxd4
Ke7 15. Rac1 Bd7 16. Nc4 Rab8 17. Nb6 Rhd8 18. Rfd1 Ne8 19. Rd2 Kf8 20. a4 Nd6
21. Rc7 Be8 22. g4 Nc8 23. Nxc8 Rbxc8 24. Rxc8 Rxc8 25. Bxb7 Rc1+ 26. Kg2 a5 27.
d5 Rc7 28. Ba8 Rc8 29. Bb7 Rc7 30. Ba8 1/2-1/2

[Event "22nd ch-EUR Indiv 2022"]
[Site "Terme Catez SLO"]
[Date "2022.04.04"]
[Round "9.9"]
[White "Jobava, Baadur"]
[Black "Volokitin, Andrei"]
[Result "1/2-1/2"]
[WhiteTitle "GM"]
[BlackTitle "GM"]
[WhiteElo "2588"]
[BlackElo "2687"]
[WhiteFideId "13601520"]
[BlackFideId "14107090"]
[EventDate "2022.03.27"]

1. c4 Nf6 2. Nc3 c5 3. g3 d5 4. cxd5 Nxd5 5. Bg2 Nc7 6. e3 e5 7. Nge2 Nc6 8. O-O
Be7 9. f4 O-O 10. b3 Bf5 11. fxe5 Qd7 12. d4 Rad8 13. Ba3 Rfe8 14. dxc5 Qe6 15.
Qe1 Qxe5 16. Qf2 Bg6 17. e4 b5 18. Nd5 b4 19. Nef4 bxa3 20. Nd3 Qh5 21. N3f4 Qe5
22. Nd3 Qh5 23. N3f4 1/2-1/2

[Event "22nd ch-EUR Indiv 2022"]
[Site "Terme Catez SLO"]
[Date "2022.04.04"]
[Round "9.10"]
[White "Deac, Bogdan-Daniel"]
[Black "Safarli, Eltaj"]
[Result "1/2-1/2"]
[WhiteTitle "GM"]
[BlackTitle "GM"]
[WhiteElo "2679"]
[BlackElo "2589"]
[WhiteFideId "1226380"]
[BlackFideId "13402129"]
[EventDate "2022.03.27"]

1. Nf3 d5 2. d4 Nf6 3. c4 e6 4. Nc3 Be7 5. Bf4 O-O 6. e3 Nbd7 7. Be2 dxc4 8. O-O
a6 9. a4 c5 10. d5 Nxd5 11. Nxd5 exd5 12. Qxd5 Nf6 13. Qxd8 Rxd8 14. Bc7 Rd7 15.
Ba5 Bd8 16. Bxd8 Rxd8 17. Bxc4 Be6 18. Bxe6 fxe6 19. a5 Rac8 20. Rfc1 Rd5 21.
Rc4 Ne8 22. e4 Rdd8 23. e5 Rd5 24. Rac1 Rc6 25. Kf1 Nc7 26. Ng5 Rxe5 27. Ne4 Nd5
28. Nxc5 Rf5 29. Kg1 Rf4 30. Rxf4 Nxf4 31. Kf1 e5 32. b4 Nd5 33. Rd1 Nxb4 34.
Nxb7 Rc7 35. Nd6 Rd7 36. Rb1 Rxd6 37. Rxb4 Rd1+ 38. Ke2 Ra1 39. Rb8+ Kf7 40.
Rb7+ Kf8 41. Rb8+ Kf7 42. Rb7+ 1/2-1/2

[Event "22nd ch-EUR Indiv 2022"]
[Site "Terme Catez SLO"]
[Date "2022.04.04"]
[Round "9.11"]
[White "Bjerre, Jonas Buhl"]
[Black "Cheparinov, Ivan"]
[Result "0-1"]
[WhiteTitle "GM"]
[BlackTitle "GM"]
[WhiteElo "2601"]
[BlackElo "2672"]
[WhiteFideId "1444948"]
[BlackFideId "2905540"]
[EventDate "2022.03.27"]

1. e4 c5 2. Nf3 Nc6 3. d4 cxd4 4. Nxd4 Nf6 5. Nc3 d6 6. Bg5 e6 7. Bb5 Bd7 8. Qd3
h6 9. Bh4 Nxd4 10. Bxd7+ Qxd7 11. Qxd4 Be7 12. O-O-O Rc8 13. Bxf6 Bxf6 14. Qxd6
Qxd6 15. Rxd6 Bxc3 16. bxc3 Ke7 17. Rhd1 Rc7 18. Kb2 Rhc8 19. R1d3 Ke8 20. R6d4
Rc5 21. Kb3 R8c7 22. a4 Ke7 23. Rb4 a6 24. f4 g5 25. g3 h5 26. e5 g4 27. Kb2
R5c6 28. Rb3 Rc5 29. Rd6 Ke8 30. Rdb6 Rd5 31. Rxb7 Rxb7 32. Rxb7 Rd2 33. c4 Rxh2
34. c5 Rh3 35. c6 Kd8 36. Kc3 h4 37. Kd4 hxg3 38. Kc5 Rh1 39. Rd7+ Kc8 40. Rd2
Rh2 41. Rd3 Rxc2+ 42. Kd6 Rc4 43. Rxg3 Rd4+ 44. Kc5 Rxf4 45. a5 Ra4 46. Kd6 Rxa5
47. Rxg4 Rd5+ 48. Ke7 Rxe5 49. Kxf7 Rc5 50. Kxe6 Kc7 51. Rg8 a5 52. Ra8 Kxc6 53.
Rc8+ Kb5 54. Rb8+ Kc4 55. Kd6 Rd5+ 56. Ke6 Rb5 57. Rh8 a4 58. Rh4+ Kb3 59. Rh3+
Ka2 60. Rh2+ Rb2 61. Rh4 a3 62. Kd5 Rc2 63. Rb4 Ka1 64. Rb8 a2 65. Kd4 Rb2 66.
Rh8 Rb3 67. Kc4 Kb2 68. Rh2+ Ka3 0-1